000
00223nam a22000857a 4500
008
170210b xxu||||| |||| 00| 0 eng d
100
_9
2860
_a
Gupta. S. P
245
_a
Work Book Social
260
_a
New Delhi
_b
Arya Publication
_c
2008
999
_c
6080
_d
6080